Моделирование рыночной стратегии предприятия: курс лекций

Podrobná bibliografie
Hlavní autor: Булышева Т. С. Татьяна Сергеевна
Korporativní autor: Российская экономическая академия им. Г. В. Плеханова (РЭА)
Další autoři: Милорадов К. А. Константин Александрович, Халиков М. А. Михаил Альфредович
Shrnutí:Исключено из фонда НТБ ТПУ
Jazyk:ruština
Vydáno: Москва, Экзамен, 2009
Edice:Курс лекций
Médium: MixedMaterials Kniha
KOHA link:https://koha.lib.tpu.ru/cgi-bin/koha/opac-detail.pl?biblionumber=165845

MARC

LEADER 00000nam0a2200000 4500
001 165845
005 20231031161941.0
010 |a 9785377017790 
035 |a (RuTPU)RU\TPU\book\179903 
090 |a 165845 
100 |a 20090923d2009 m y0rusy50 ca 
101 0 |a rus 
102 |a RU 
105 |a y j 000zy 
200 1 |a Моделирование рыночной стратегии предприятия  |e курс лекций  |f Т. С. Булышева, К. А. Милорадов, М. А. Халиков  |g Российская экономическая академия им. Г. В. Плеханова (РЭА) 
210 |a Москва  |c Экзамен  |d 2009 
215 |a 286 с. 
225 1 |a Курс лекций 
333 |a Исключено из фонда НТБ ТПУ 
686 |a У9(2)29-2я73  |2 rubbk 
700 1 |a Булышева  |b Т. С.  |g Татьяна Сергеевна 
701 1 |a Милорадов  |b К. А.  |g Константин Александрович 
701 1 |a Халиков  |b М. А.  |g Михаил Альфредович 
712 0 2 |a Российская экономическая академия им. Г. В. Плеханова (РЭА)  |c (Москва)  |c (1991- )  |2 stltpush  |3 (RuTPU)RU\TPU\col\18 
801 1 |a RU  |b 63413507  |c 20090923 
801 2 |a RU  |b 63413507  |c 20211021  |g RCR 
942 |c BK 
959 |a 97/20090921  |d 1  |e 87,00  |f ЧЗГЛ:1